000 00859nas a2200265 4500
001 BR6900017
003 BR-BrBNA
005 20231205082254.0
007 ta
008 230509b bl.|||p| |||| 00| 00por d
040 _aBR-BrBNA
_bpor
_cBiblioteca Nacional de Agricultura
041 _a(Pt)
072 _aL30
100 1 _aMendes, F. dos S. (Instituto Rio Grandense do Arroz, Porto Alegre (Brazil))
245 1 _aEngorda de animais em pastoreio racional [Gado de corte; Pastagem; Rio Grande do Sul; Brasil]
650 _aNutricao animal
650 _aPastagem
650 _aPlanta forrageira
650 _aGado de corte
650 _aEngorda
650 _aRio Grande do Sul
773 0 _tLavoura Arrozeira (Brazil)
_xISSN 0023-9143
_g(Mar 1969), v. 22(248) p. 22-23
_wBR6900017
909 _a202311
_bLúcia
_c55
_dLúcia Elande
942 _2AGRIS
_n0
_cANA
999 _c90483
_d90483